LEADER 01454nam 2200445I 450 001 9910706273003321 005 20190910080528.0 035 $a(CKB)5470000002455705 035 $a(OCoLC)1117771898 035 $a(EXLCZ)995470000002455705 100 $a20190910d2014 ua 0 101 0 $aeng 135 $aur||||||||||| 181 $ctxt$2rdacontent 182 $cc$2rdamedia 183 $acr$2rdacarrier 200 10$aAnalysis of the WindSat receiver frequency passbands /$fMichael H. Bettenhausen, Peter W. Gaiser 210 1$aWashington, DC :$cNaval Research Laboratory,$d2014. 215 $a1 online resource (iv, 13 pages) $cillustrations 225 1 $aNRL/MR ;$v7220--14-9558 300 $a"September 12, 2014." 300 $aIncludes tables. 320 $aIncludes bibliographical references (pages 6-7). 606 $aRadiometers 606 $aRadiative transfer 606 $aMicrowave receivers 606 $aRemote sensing$xEquipment and supplies 615 0$aRadiometers. 615 0$aRadiative transfer. 615 0$aMicrowave receivers. 615 0$aRemote sensing$xEquipment and supplies. 700 $aBettenhausen$b Michael H.$01385901 702 $aGaiser$b Peter W. 712 02$aNaval Research Laboratory (U.S.), 801 0$bGPO 801 1$bGPO 906 $aBOOK 912 $a9910706273003321 996 $aAnalysis of the WindSat receiver frequency passbands$93434341 997 $aUNINA LEADER 02075nam 22004693 450 001 9910160677903321 005 20250707084504.0 010 $a1-62517-424-1 035 $a(CKB)3710000001026391 035 $a(BIP)059952323 035 $a(VLeBooks)9781625174246 035 $a(MiAaPQ)EBC32194846 035 $a(Au-PeEL)EBL32194846 035 $a(Exl-AI)993710000001026391 035 $a(OCoLC)1051085124 035 $a(EXLCZ)993710000001026391 100 $a20250707d2014 uy 0 101 0 $aeng 135 $aurcnu|||||||| 181 $ctxt$2rdacontent 182 $cc$2rdamedia 183 $acr$2rdacarrier 200 10$aBladed Magic 205 $a1st ed. 210 1$aCHARLESTOWN :$cShiloh Walker, Inc.,$d2014. 210 4$dİ2014. 215 $a1 online resource (66 p.) 225 1 $aColbana Files Series 330 8 $aA Colbana Files Prequel The events of this short story take place between A STROKE OF DUMB LUCK and BLADE SONG. It can be read as a stand-alone. For the first time in her life, Kit Colbana's life was going just fine. She had a nice, easy job. She'd managed to escape the not-so-loving attentions of a family who'd rather see her dead than look at her. She had a roof over her head and she didn't have to fight for every little thing she had. Then she finds herself tangled up with a green-eyed witch by the name of Justin. He's looking for somebody and for some bizarre reason, he seems to think she can help. All she has to do is say no, and she can go back to her safe little existence. That's exactly what she needs to do and she knows it. Too bad she's not very good at following her own advice. 410 0$aColbana Files Series 606 $aParanormal fiction$7Generated by AI 606 $aMagic in literature$7Generated by AI 615 0$aParanormal fiction 615 0$aMagic in literature 700 $aDaniels$b J. C$01348186 801 0$bMiAaPQ 801 1$bMiAaPQ 801 2$bMiAaPQ 906 $aBOOK 912 $a9910160677903321 996 $aBladed Magic$94403392 997 $aUNINA